Minecraft Cat Variants - Statistics

General Stats
  • This quiz has been taken 35 times
  • The average score is 7 of 11
Answer Stats
Answer % Correct
White
95%
Black
89%
Calico
74%
Jellie
68%
Siamese
68%
Tuxedo
63%
Tabby
63%
Red
58%
British Shorthair
47%
Persian
47%
Ragdoll
37%
No matching quizzes found
Score Distribution
Percent of People with Each Score
Percentile by Number Answered
Your Score History
You have not taken this quiz